Регионална библиотека "Любен Каравелов" - Русе

Оксфордска история на 20 век (Запис номер 29419)

MARC детайли
000 -Лидер
Контролно поле с фиксирана дължина 01204nam a2200313 c 4500
003 - Код на организацията, давaща контролен номер
Контролно поле BLK
005 - Дата и час на последна редакция
Контролно поле 20210527135341.0
008 - Елементи от данни с фиксирана дължина
fixed length control field 180407b bul|||||r ||||||| ||bul||
010 ## - Наследен системен номер
LC control number KNG00032035000
020 ## - Международен стандартен номер на книга ISBN
Международен стандартен номер на книга ISBN 954-528-174-х
-- издат.: Труд
040 ## - Източник на каталожния запис
Идентификатор на билиотеката - собственик на записа BLK
041 ## - Код за език
Код за езика на текст/звукозапис или на отделно заглавие Български
Код за езика КДБФ Български
080 ## - УДК
Текстов определител УДК Обща световна история. История на света
УДК код - определител по УДК 930.9
УДК определител "19"
УДК - код + определител 930.9"19"
080 ## - УДК
Текстов определител УДК История на Европа от 1919 г. Обща история на ХХ в.
УДК код - определител по УДК 940.5
УДК определител
УДК - код + определител 940.5
139 ## - Редно поле
Редна дума Оксфордска история на 20 век
Авторски знак Окр - О 47
245 10 - Сведения за заглавието
Заглавие Оксфордска история на 20 век
Редно поле (дума) състав. Майкъл Хауърд; състав. Уилям Роджър Луис.
260 ## - Област на издателските данни
-- София
Име на издателя, разпространителя и проч. Труд
Година на издаване 2000
300 ## - Физическа характеристика
Страници 496 с.
Размери/Мащаб 23 см
380 ## - Жанр
Жанр История
500 ## - Общи забележки
Забележка Деп. списък: покупка
653 ## - Ключова дума – ненормативна
Ключова дума история
700 1# - Други автори (авторска отговорност)
Лично име Хауърд, Майкъл
Автороска отговорност (Описва отношението между автора и произведението) състав.
9 (RLIN) 270287
700 1# - Други автори (авторска отговорност)
Лично име Луис, Уилям Роджър
Автороска отговорност (Описва отношението между автора и произведението) състав.
9 (RLIN) 270288
852 ## - Местоположение
Форматна сигнатура Цб 204598
856 4# - Електронен адрес и достъп
Електронен формат pdf - файл
Път до файла /url/
856 4# - Електронен адрес и достъп
Електронен формат pdf - файл
Път до файла /url/
942 ## - АРТИКУЛИ
Вид на библиотечния материал Книги
Скрит в OPAC Не
Koha issues (borrowed), all copies 1
944 ## - СЪЗДАВАНЕ И РЕДАКЦИЯ на ЗАПИСА
Създаване/Редакция Създаване
Дата на регистрацията/редакция 15.01.2003
Служител, извършил регистрацията/редакцията Кети_Илиева
944 ## - СЪЗДАВАНЕ И РЕДАКЦИЯ на ЗАПИСА
Създаване/Редакция Редакция
Дата на регистрацията/редакция 28.08.2006
Служител, извършил регистрацията/редакцията
999 ## - СИСТЕМНИ КОНТРОЛНИ НОМЕРА
Koha biblionumber 29419
Koha biblioitemnumber 29419
Наличности
Код за отписване Код за изгубен артикул Източник на класификационната схема Код за повреда Коз за рестрикции Код за отдаване Артикулен № Име на библиотеката - собственик Име на библиотеката, в която се намира в момента Статус (Текущо местоположение) Дата на вписване в системата Местоположение - отдел Цена в лева Инвентарен номер Систематично азбучна сигнатура Баркод Номер на екземпляра Цена в евро Служебна бележка Служебен тип на артикула
  Не е изгубен Universal Decimal Classification Не е повреден без рестрикции заемане за дома 47241 Регионална библиотека "Любен Каравелов" Русе Регионална библиотека "Любен Каравелов" Русе Заемна - подръчен фонд 2001-01-01 Заемна - подръчен фонд 15.00 655729 930/О 47 120000655729 1 7.67 Дата инв: 08.03.2018 Бележки инв: П2018 Книги
  Не е изгубен Universal Decimal Classification Не е повреден без рестрикции ползва се в читалня 47242 Регионална библиотека "Любен Каравелов" Русе Регионална библиотека "Любен Каравелов" Русе Читалня 2001-01-01 Читалня 15.00 655730 Ч 930/О 47 120000655730 2 7.67 Дата инв: 30.03.2017 Бележки инв: Ч2017 Книги
  Не е изгубен Universal Decimal Classification Не е повреден без рестрикции ползва се в читалня 47243 Регионална библиотека "Любен Каравелов" Русе Регионална библиотека "Любен Каравелов" Русе Хранилище 2001-01-01 Хранилище 14.99 658463 Цб 204598 120000658463 3 7.66   Книги
Vip Innovations Ltd, Rousse, Bulgaria 2025